000 01526nam a2200421 c 4500
001 17807
003 ES-MaCES
005 20141221122514.0
008 050722s2005 sp bd t o000 | spa d
017 _aM 22219-2005
_bDL
020 _a8473512340
024 7 _a329-05-006-9
_2nipo
035 _aCES20050007917m
040 _aES-MaCES
_bspa
_cES-MaCES
100 1 _aVeneziano Esperón, Alicia
_925693
245 1 0 _aReflexiones sobre una reforma orientada al ciudadano
_b: la descentralización participativa de Montevideo
_cAlicia Veneziano Esperón
250 _a1ª ed
260 _aMadrid
_bInstituto Nacional de Administración Pública
_c2005
300 _a148 p.
_bmapas, gráf. bl. y n.
_c24 cm
490 0 _aIberoamérica
500 _aPremio "Andrés Bello", INAP
541 _cGratuito
650 4 _areforma administrativa
_927223
650 4 _adescentralización
_927218
650 4 _agobierno local
_927219
650 4 _aparticipación popular
_929756
650 4 _arégimen político
_927201
650 4 _aparticipación política
_927242
650 4 _aMontevideo
_931829
650 4 _aUruguay
_926903
653 1 0 _aAdministración-Instituciones públicas
710 1 _aEspaña
_bMinisterio para las Administraciones Públicas
_eed.
_93278
711 2 _aPremio "Andrés Bello"
_n
_d2004
_9933
830 0 _aIberoamérica (España. Ministerio para las Administraciones Públicas)
_933902
902 _aLIB Libro
942 _2CES
_cBK
_h6.3.
999 _c17807
_d17807